<?xml version="1.0" encoding="UTF-8"?><?xml-stylesheet type="text/xsl" href="static/style.xsl"?><OAI-PMH xmlns="http://www.openarchives.org/OAI/2.0/" xmlns:xsi="http://www.w3.org/2001/XMLSchema-instance" xsi:schemaLocation="http://www.openarchives.org/OAI/2.0/ http://www.openarchives.org/OAI/2.0/OAI-PMH.xsd"><responseDate>2026-04-17T03:40:30Z</responseDate><request verb="GetRecord" identifier="oai:www.recercat.cat:10459.1/71295" metadataPrefix="marc">https://recercat.cat/oai/request</request><GetRecord><record><header><identifier>oai:recercat.cat:10459.1/71295</identifier><datestamp>2024-12-05T22:33:35Z</datestamp><setSpec>com_2072_3622</setSpec><setSpec>col_2072_479130</setSpec></header><metadata><record xmlns="http://www.loc.gov/MARC21/slim" xmlns:dcterms="http://purl.org/dc/terms/" xmlns:xsi="http://www.w3.org/2001/XMLSchema-instance" xmlns:doc="http://www.lyncode.com/xoai" xsi:schemaLocation="http://www.loc.gov/MARC21/slim http://www.loc.gov/standards/marcxml/schema/MARC21slim.xsd">
   <leader>00925njm 22002777a 4500</leader>
   <datafield ind2=" " ind1=" " tag="042">
      <subfield code="a">dc</subfield>
   </datafield>
   <datafield ind2=" " ind1=" " tag="720">
      <subfield code="a">Ngah Eyara, Marguerite Yvette</subfield>
      <subfield code="e">author</subfield>
   </datafield>
   <datafield ind2=" " ind1=" " tag="260">
      <subfield code="c">2021-05-18T11:28:04Z</subfield>
   </datafield>
   <datafield ind2=" " ind1=" " tag="260">
      <subfield code="c">2021-05-18T11:28:04Z</subfield>
   </datafield>
   <datafield ind2=" " ind1=" " tag="260">
      <subfield code="c">2021-02-19</subfield>
   </datafield>
   <datafield ind2=" " ind1=" " tag="520">
      <subfield code="a">El propòsit d'aquest estudi és explorar i diagnosticar la competència digital dels estudiants de primer i segon cicle dels estudis d'Espanyol com Llengua Estrangera, de l'Escola Normal Superior de Yaoundé, Camerun. El treball consta de quatre parts principals: la contextualització, el marc teòric, el marc d’aplicació i una proposta didàctica. Hem utilitzat una metodologia mixta, explicativa i seqüencial. Les dades van ser recopilades per mitjà d'un qüestionari i un grup de discussió.&#xd;
&#xd;
Segons els resultats obtinguts, la majoria dels estudiants disposen d'un nivell de competència digital intermedi. El nivell inicial va ser autopercebut en accions vinculades a l'ús pedagògic de les TIC. En el grup de discussió, els participants van revelar que no utilitzen les TIC en la seva formació i que els mètodes d'ensenyament-aprenentatge són tradicionals. Per adaptar la seva formació a l'era digital, caldrà que les autoritats a càrrec de l'educació renovin les infraestructures, canviïn les metodologies d'ensenyament-aprenentatge i que la formació contínua dels formadors sigui adaptada a les necessitats de l’era digital.</subfield>
   </datafield>
   <datafield ind2=" " ind1=" " tag="520">
      <subfield code="a">El propósito del presente estudio es explorar y diagnosticar la competencia digital de los estudiantes de primer y segundo ciclo de los estudios del Español como Lengua Extranjera de la Escuela Normal Superior de Yaundé, Camerún. El trabajo consta de cuatro partes principales: la contextualización, el marco teórico, el marco aplicativo y una propuesta didáctica. Hemos utilizado una metodología mixta, explicativa, secuencial. Los datos fueron recopilados mediante un cuestionario y un grupo de discusión.&#xd;
&#xd;
Según los resultados obtenidos, la mayoría de los estudiantes disponen de un nivel de competencia digital intermedio. Pero, el nivel inicial fue particularmente autopercibido en acciones vinculadas al uso pedagógico de las TIC. En el grupo de discusión, los participantes revelaron que no utilizan las TIC en su formación, y que los métodos de enseñanza-aprendizaje son tradicionales. Para adaptar su formación se adapte a la era digital, será necesario que las autoridades a cargo de la educación renueven las infraestructuras, cambien las metodologías de enseñanza-aprendizaje y que la formación continua de los formadores sea adaptada a las necesidades de la era digital.</subfield>
   </datafield>
   <datafield ind2=" " ind1=" " tag="520">
      <subfield code="a">The purpose of this study is to explore and diagnose the digital competence of undergraduate and graduate students of Spanish as foreign language studies from the École Normale Supérieure of Yaoundé. This work has four main sections: contextualization, theoretical framework, application framework and a didactic proposal. We have used a mixed methodology, explanatory and sequential. &#xd;
&#xd;
The data was collected through a questionnaire and discussion group. According to the results obtained, most of the students have an intermediate level of digital competence.&#xd;
However, the initial level was particularly self-perceived in actions related to the pedagogical use of ICT. The analysis in the discussion group, revealed firstly, that the students do not use ICT in their training and secondly, the teaching-learning methods are traditional. To adapt their training to the digital age, it will be necessary for the authorities in charge of education to renew the infrastructures, change the teaching-learning methodologies and adapt the continuous training of trainers to the needs of the digital age.</subfield>
   </datafield>
   <datafield ind1="8" ind2=" " tag="024">
      <subfield code="a">http://hdl.handle.net/10459.1/71295</subfield>
   </datafield>
   <datafield tag="653" ind2=" " ind1=" ">
      <subfield code="a">Competència digital</subfield>
   </datafield>
   <datafield tag="653" ind2=" " ind1=" ">
      <subfield code="a">Formació inicial docent</subfield>
   </datafield>
   <datafield tag="653" ind2=" " ind1=" ">
      <subfield code="a">ELE</subfield>
   </datafield>
   <datafield tag="653" ind2=" " ind1=" ">
      <subfield code="a">Competencia digital</subfield>
   </datafield>
   <datafield tag="653" ind2=" " ind1=" ">
      <subfield code="a">Formación inicial docente</subfield>
   </datafield>
   <datafield tag="653" ind2=" " ind1=" ">
      <subfield code="a">Digital competence</subfield>
   </datafield>
   <datafield tag="653" ind2=" " ind1=" ">
      <subfield code="a">Initial teacher training</subfield>
   </datafield>
   <datafield tag="653" ind2=" " ind1=" ">
      <subfield code="a">Didàctica de la Llengua i la Literatura</subfield>
   </datafield>
   <datafield tag="653" ind2=" " ind1=" ">
      <subfield code="a">37</subfield>
   </datafield>
   <datafield ind2="0" ind1="0" tag="245">
      <subfield code="a">Diagnosis e interpretación de la formación inicial en competencia digital de los futuros docentes del Español como Lengua Extranjera de la Escuela Normal Superior de Yaundé, Camerún</subfield>
   </datafield>
</record></metadata></record></GetRecord></OAI-PMH>